000 00810nab a2200253 u 4500
001 11672
003 HDC
007 cr bn ---aaaaa
008 210207b2015mmddmy d||no |||| 00| 0 may d
040 _aHDC
245 0 _aSecret Recipe tidak guna bahan haram - Jakim /
_cBernama
260 _aMalaysia:
_bBERNAMA,
_c2015
300 _a1 online resource
336 _atext
_2rdacontent
337 _acomputer
_2rdamedia
338 _aonline resource
_2rdacarrier
650 _aHalal food industry
_xCertificate
_911002
650 _aRestaurants
_92152
710 _aBernama
856 _zRequest full-text at [email protected]
942 _2lcc
942 _cNEWS
942 _kNWSO 000678
999 _c8995
_d8995